000 00453nam a2200157 i 4500
001 51802
003 ES-MaACL
005 20230906162436.0
007 t|
008 030819s1967 sp ||||1| spa d
100 1 _aDanyans de la Cinna, Eugenio.
_942678
245 1 0 _aPlatillos volantes en la antigüedad /
_cEugenio Danyans.
260 _aBarcelona :
_bPomaire,
_c[1967]
300 _a262 p., 8 lám. ;
_c20 cm.
852 _aES-MaACL
_jC-33076
_bR.63996
999 _c51802
_d51802